Groups of Things - Magic: The Gathering - Statistics

General Stats
  • This quiz has been taken 30 times
    28 since last reset
  • The average score is 40 of 58
Answer Stats
Group Answer % Correct
Colors Black
100%
Colors Blue
100%
Card Types Creature
100%
Basic Land Types Forest
100%
Colors Green
100%
Basic Land Types Mountain
100%
Basic Land Types Plains
100%
Colors Red
100%
Basic Land Types Swamp
100%
Colors White
100%
Card Types Artifact
96%
Card Types Enchantment
96%
Gameplay Zones Graveyard
96%
Card Types Instant
96%
Basic Land Types Island
96%
Card Types Sorcery
96%
Card Types Land
91%
Card Types Planeswalker
91%
Parts of a Creature Card Power and toughness
91%
Rarity Levels Common
87%
Parts of a Creature Card Mana cost
87%
Rarity Levels Rare
87%
Rarity Levels Uncommon
87%
Gameplay Zones Battlefield
83%
Rarity Levels Mythic rare
83%
Power Nine Black lotus
78%
Parts of a Creature Card Card name
78%
Gameplay Zones Hand
78%
Parts of a Creature Card Type line
78%
Main Deck Archetypes Control
70%
Gameplay Zones Library
70%
Online Platforms Magic Online
70%
Power Nine Mox Ruby
70%
Power Nine Mox Sapphire
70%
Main Deck Archetypes Aggro
65%
Online Platforms Arena
65%
Power Nine Mox Emerald
61%
Parts of a Creature Card Text box
61%
Power Nine Mox Jet
57%
Power Nine Mox Pearl
57%
Power Nine Timetwister
57%
Power Nine Time walk
57%
Power Nine Ancestral Recall
48%
Parodic Un-sets Unglued
48%
Main Deck Archetypes Combo
43%
Card Search Engines Scryfall
43%
Parodic Un-sets Unhinged
43%
Player Types Timmy/Tammy
39%
Parodic Un-sets Unfinity
39%
Card Search Engines Gatherer
26%
Player Types Johnny/Jenny
26%
Player Types Spike
26%
Parodic Un-sets Unstable
26%
Tournament Formats Constructed
22%
Parts of a Creature Card Illustration
22%
Tournament Formats Limited
17%
Parodic Un-sets Unsanctioned
13%
Tournament Formats Sanctioned Multiplayer
4%
No matching quizzes found
Score Distribution
Percent of People with Each Score
Percentile by Number Answered
Your Score History
You have not taken this quiz since the last reset